000 00757nam a2200205Ii 4500
003 JO-AjNU
008 230605s9999||||xx |||||||||||||| ||und||
040 _aJO-AjNU
_bara
_erda
_cJO-AjNU
041 _aara
050 1 4 _aHD37.A7.H3724 2000
100 3 _aحرب، بيان هاني,
_eauthor
_957283
245 0 0 _aمدخل الى ادارة الأعمال : إدارة (1)
250 _aط1/الاصدار الاول
264 3 1 _aعمان: الدار العلمية الدولية للنشر والتوزيع ، دار الثقافة للنشر والتوزيع، 2000
300 _a215ص
336 _atext
_btxt
_2rdacontent
337 _aunmediated
_bn
_2rdamedia
338 _avolume
_bnc
_2rdacarrier
650 4 _aادارة الاعمال
_957284
999 _aA25659
_c29227
_d29227